000 00470ntaaa2200193 4500
003 01
005 20251027200553.0
008 0714s1973 ag 01
040 _aAR-BaBN
_bspa
_cAR-BaBN
_eaacr
_dRIC
082 _a253 B66p
100 _aBounds, E. M.
_91329
245 _aEl predicador y la oración /
_cE. M. Bounds
250 _a1° ed.
260 _aTerrassa :
_bClie,
_c1980
300 _a95 p.
650 _aPastores.
_91330
650 _aOracion.
_91331
942 _cBK
999 _c452
_d452